| 000 | 00535nam a22001697a 4500 | ||
|---|---|---|---|
| 999 |
_c8559 _d8559 |
||
| 008 | 201202b ||||| |||| 00| 0 eng d | ||
| 040 | _aBMS College of Architecture | ||
| 100 | _aT G, Radhika | ||
| 245 | _aBeyond the horizon virtual reality experience center | ||
| 300 | _aiii,41p. | ||
| 500 | _a1BM13AT058 | ||
| 502 |
_8B,Arch _NBMS College of Architecture, Visvesvaraya Technological University (VTU) _aProject report _d2017 |
||
| 650 | _aNA | ||
| 700 |
_aShanu Raina _eGuide |
||
| 700 |
_aPraveen Alva _eGuide |
||
| 942 |
_2ddc _cTHE |
||